Schnelle Mathematik - Multiplikation zur Basis 3 Level 04 - Statistiken

Allgemein
  • Dieses Quiz wurde 52 mal gespielt
  • Das Durchschnittsergebnis liegt bei 17 aus 20
Antwortstatistiken
Frage Antwort % Korrekt
0⋅0 0
100%
0⋅1 0
100%
0⋅2 0
100%
0⋅10 0
100%
0⋅11 0
100%
0⋅20 0
100%
1⋅0 0
100%
2⋅0 0
100%
10⋅0 0
100%
11⋅0 0
100%
12⋅0 0
100%
20⋅0 0
100%
1⋅1 1
100%
1⋅10 10
100%
10⋅10 100
100%
11⋅1 11
100%
10⋅11 110
100%
11⋅10 110
100%
12⋅1 12
100%
12⋅10 120
100%
11⋅11 121
100%
10⋅2 20
100%
10⋅20 200
100%
20⋅10 200
100%
2⋅11 22
100%
11⋅2 22
100%
11⋅20 220
100%
2⋅10 20
90%
0⋅12 0
88%
1⋅2 2
88%
1⋅20 20
88%
10⋅1 10
86%
1⋅11 11
86%
2⋅1 2
86%
20⋅1 20
80%
1⋅12 12
75%
10⋅12 120
75%
20⋅11 220
67%
2⋅2 11
57%
11⋅12 202
43%
2⋅20 110
40%
2⋅12 101
25%
20⋅12 1010
25%
20⋅20 1100
25%
12⋅11 202
25%
12⋅12 221
20%
20⋅2 110
17%
12⋅2 101
0%
12⋅20 1010
0%
Keine übereinstimmenden Quizze gefunden
Verteilung der Resultate
Anzahl Personen mit jedem Resultat
Perzentil nach korrekt beantworteten Fragen
Ihre Resultats-Entwicklung
Sie haben dieses Quiz noch nicht gespielt